Sócrates: lectorados de idiomas Comenius. Guía de buenas prácticas para los ayudantes lingüísticos y los centros receptores
Enregistré dans:
| Collectivité auteur: | |
|---|---|
| Format: | Livre |
| Langue: | espagnol |
| Publié: |
Luxemburgo
Comunidades Europeas
2003
|
| Édition: | 1a. ed |
| Sujets: | |
| Tags: |
Ajouter un tag
Pas de tags, Soyez le premier à ajouter un tag!
|
MARC
| LEADER | 00000nam a2200000 a 4500 | ||
|---|---|---|---|
| 001 | UCK1015 | ||
| 003 | CL-VaPUC | ||
| 008 | 041029e20030000LU |||||||||||||||||spa|d | ||
| 020 | |a 9289459115 | ||
| 082 | 0 | 4 | |a 418.007 |b COM |2 21 |
| 110 | 2 | |a Comisión Europea |e author |9 488836 | |
| 245 | 1 | 0 | |a Sócrates: lectorados de idiomas Comenius. Guía de buenas prácticas para los ayudantes lingüísticos y los centros receptores |
| 250 | |a 1a. ed | ||
| 300 | |a 60 p | ||
| 942 | |c BK | ||
| 945 | |d 20041029 00:00:00 |a cmena | ||
| 260 | |a Luxemburgo |b Comunidades Europeas |c 2003 | ||
| 600 | 0 | 7 | |a UNION EUROPEA |2 CL-VaPUC |9 320734 |
| 650 | 0 | |a Lingüística aplicada |9 313266 | |
| 650 | 0 | |a Educación lingüística |9 306506 | |
| 650 | 0 | |a Educación superior |9 223851 | |
| 650 | 0 | |a Planificación de la educación |9 307333 | |
| 583 | |a last modification |c 20041029 00:00:00 |k Rodrigo Vera | ||
| 999 | |c 311150 |d 311148 | ||
| 952 | |0 0 |1 0 |4 0 |6 418_007000000000000_COM_2003 |7 0 |8 P |9 380427 |a BIBDER |b BIBDER |d 2019-11-21 |i 4072790 |o 418.007 COM 2003 |p 4072790 |r 2023-01-25 |w 2019-11-21 |y BK |k DER | ||